| 000 | 00627nam a2200169 i 4500 | ||
|---|---|---|---|
| 001 | 48629 | ||
| 003 | ES-MaACL | ||
| 005 | 20230906161803.0 | ||
| 007 | t| | ||
| 008 | 030826s1874 fr |||| | fre d | ||
| 100 | 1 |
_aHarambure, V. de. _961795 |
|
| 245 | 1 | 0 |
_aEtudes sur l'organisation des services publics : questions pénitentiaires : la Commission de la Chambre et le régime pénitentiairee pénitentiaire / _cpar V. de Harambure. |
| 260 |
_aParis : _bCasso, Marchal et Cie, _c1874. |
||
| 300 |
_a16 p. ; _c22 cm. |
||
| 650 |
_aDerecho penitenciario- _zFrancia. _9141896 |
||
| 852 |
_aES-MaACL _jD-203(3) _z. - Donativo Lastres |
||
| 999 |
_c48629 _d48629 |
||